Ordinary differential equations (Record no. 371)
[ view plain ]
| 000 -LEADER | |
|---|---|
| Fixed length control field | 00463nam a22001817a 4500 |
| 003 - CONTROL NUMBER IDENTIFIER | |
| Control field | SEACOMMC |
| 005 - DATE AND TIME OF LATEST TRANSACTION | |
| Control field | 20231110053229.0 |
| 008 - FIXED-LENGTH DATA ELEMENTS--GENERAL INFORMATION | |
| Fixed length control field | 231110b |||||||| |||| 00| 0 eng d |
| 020 ## - INTERNATIONAL STANDARD BOOK NUMBER / ISBN | |
| Price | Rs. 290.00 |
| 040 ## - CATALOGING SOURCE | |
| Original cataloging agency | SEACOMMC |
| 082 ## - DEWEY DECIMAL CLASSIFICATION NUMBER | |
| Classification number | 515.352 |
| Book Number | SOM |
| 100 1# - MAIN ENTRY--PERSONAL NAME | |
| Personal name | Somasundaram, D. |
| 245 1# - TITLE STATEMENT | |
| Title | Ordinary differential equations |
| Sub title | a first course |
| Statement of responsibility | D. Somasundaram |
| 260 ## - IMPRINT | |
| Place of publication | New Delhi |
| Name of publisher | Narosa |
| Date of publication | 2002 |
| 650 ## - SUBJECT ADDED ENTRY--TOPICAL TERM | |
| Topical term | Mathematics |
| 650 ## - SUBJECT ADDED ENTRY--TOPICAL TERM | |
| Topical term | Analysis |
| 942 ## - ADDED ENTRY ELEMENTS (KOHA) | |
| Koha item type | Books |
| Withdrawn status | Lost status | Source of classification | Damaged status | Not for loan | Home library | Current library | Date acquired | Total Checkouts | Call number | Accession number | Date last seen | Price effective from | Koha item type |
|---|---|---|---|---|---|---|---|---|---|---|---|---|---|
| Dewey Decimal Classification | SEACOM MANAGEMENT COLLEGE | SEACOM MANAGEMENT COLLEGE | 27/09/2006 | 515.352 SOM | 05581 | 10/11/2023 | 10/11/2023 | Books |
